The social contract and the Islamic state

Bibliographic Details
Main Author: Ahmad, IIyas (Author)
Format: Book
Published: New Delhi : Kitab Bhavan , [1944]
Subjects:

MARC

LEADER 00000cam a2200000 7i4500
001 0000006308
005 20031221093000.0
008 021119s1944
090 0 0 |a BP173.6   |b .A351 
100 0 |a Ahmad, IIyas ,   |e author 
245 1 4 |a The social contract and the Islamic state   |c IIyas Ahmad 
260 2 |a New Delhi :   |b Kitab Bhavan ,   |c [1944] 
300 |a 203 p. ;   |c 18 cm. 
650 0 |a Islam and state 
650 0 |a Social contract 
999 |a 1000007496   |b Book   |c OPEN SHELF (30 DAYS)   |e Gong Badak Campus 
999 |a 1000007497   |b Book   |c OPEN SHELF (30 DAYS)   |e Gong Badak Campus 
999 |a 1000007498   |b Book   |c OPEN SHELF (30 DAYS)   |e Gong Badak Campus